000
00240nam a2200109Ia 4500
008
190216s9999||||xx |||||||||||||| ||und||
100
_a
Bimath Misra
245
0
_a
Hindi-Thriveni
260
_b
Kanak Sahithya
650
_a
Hindi
942
_c
BK
999
_c
16300
_d
16300